Normal view
MARC view
Entry Nome pessoal
001 - NÚMERO DE CONTROLE
- campo de controle: 41
003 - IDENTIFICADOR DO NÚMERO DE CONTROLE
- campo de controle: Br
005 - DATA E HORÁRIO DA ÚLTIMA TRANSAÇÃO
- campo de controle: 20250121075513.0
008 - CAMPO DE DADOS FIXOS
- campo de controle de tamanho fixo: 990624|| acnnnaab| aaaa d
035 ## - NÚMERO DE CONTROLE DO SISTEMA
- Número de Controle do Sistema: 99062410142939042
040 ## - FONTE DA CATALOGAÇÃO
- Instituição da catalogação original: Br
- Instituição que transcreveu o registro: Br
100 1# - CABEÇALHO--NOME PESSOAL
- Nome pessoal: Allingham, Margery,
- Datas associadas ao nome: 1904-1966.
400 1# - REMISSIVA VER--NOME PESSOAL
- Nome pessoal: Allingham, Margery Louise
- Datas associadas ao nome: 1904-1966
400 1# - REMISSIVA VER--NOME PESSOAL
- Nome pessoal: Carter, Margery Allingham
- Datas associadas ao nome: 1904-1966
400 1# - REMISSIVA VER--NOME PESSOAL
- Nome pessoal: Yougman-Carter, Margery Allingham
- Datas associadas ao nome: 1904-1966
670 ## - FONTE POSITIVA DOS DADOS
- Citação da fonte positiva dos dados: Autor de: A governanta de porcelana.
670 ## - FONTE POSITIVA DOS DADOS
- Citação da fonte positiva dos dados: LC microf. 77/83 mar.
- Dados encontrados na fonte localizada no subcampo: (Retro ; datas ; rem.)